India States - Hindi Name to English - Statistics

General Stats
  • This quiz has been taken 28 times
  • The average score is 29 of 34
Answer Stats
Hint Answer % Correct
दादरा और नगर ​​हवेली और दमन और दीव Dadra and Nagar Haveli and Daman and Diu
92%
गोआ Goa
92%
चंडीगढ़ Chandigarh
88%
हरियाणा Haryana
88%
कर्नाटक Karnataka
88%
लक्षद्वीप Lakshadweep
88%
मध्य प्रदेश Madhya Pradesh
88%
मेघालय Meghalaya
88%
मिज़ोरम Mizoram
88%
पंजाब Punjab
88%
सिक्किम Sikkim
88%
तमिलनाडु Tamil Nadu
88%
त्रिपुरा Tripura
88%
उत्तर प्रदेश Uttar Pradesh
88%
पश्चिम बंगाल West Bengal
88%
अंडमान और निकोबार द्वीप समूह Andaman and Nicobar Islands
84%
आंध्र प्रदेश Andhra Pradesh
84%
असम Assam
84%
बिहार Bihar
84%
छत्तीसगढ़ Chhattisgarh
84%
दिल्ली Delhi
84%
गुजरात Gujarat
84%
हिमाचल प्रदेश Himachal Pradesh
84%
जम्मू और कश्मीर Jammu and Kashmir
84%
केरल Kerala
84%
महाराष्ट्र Maharashtra
84%
नागालैंड Nagaland
84%
पुडुचेरी Puducherry
84%
राजस्थान Rajasthan
84%
उत्तराखंड Uttarakhand
84%
अरुणाचल प्रदेश Arunachal Pradesh
80%
झारखंड Jharkhand
80%
मणिपुर Manipur
80%
ओडिशा Odisha
80%
No matching quizzes found
Score Distribution
Percent of People with Each Score
Percentile by Number Answered
Your Score History
You have not taken this quiz